00792pam a2200205 a 4500020002600000020002700026040000800053082002600061100002000087245003500107260007400142300003400216650002800250700001900278856006300297856005500360942000700415999001700422952014700439 a0521266556 (hardback) a0521319862 (paperback) cDLC00a339 CAM 1992 A075 Or.1 aShoven, John B.10aApplying general equilibrium / aCambridge [England] ;aNew York :bCambridge University Press,c1992. avii, 299 p. :bill. ;c24 cm. 0aEquilibrium (Economics)1 aWhalley, John.42uhttp://www.loc.gov/catdir/description/cam024/91023007.html41uhttp://www.loc.gov/catdir/toc/cam026/91023007.html cEK c15241d15241 0010406339_000000000000000_CAM_1992_A075_OR70968098aLBAbLBAcA075d2017-11-14o339 CAM 1992 A075 Or.pA06554r2017-11-14w2017-11-14yEK